ultimate Harry potter first names - Statistics

General Stats
  • This quiz has been taken 1,057 times
  • The average score is 111 of 178
Answer Stats
dHint Answer % Correct
potter harry
100%
granger hermione
99%
weasely ron
99%
weasley fred
98%
weasley george
98%
weasley ginny
98%
longbottom neville
98%
weasley bill
97%
chang cho
97%
malfoy draco
97%
weasley charlie
96%
weasley molly
96%
weasley percy
96%
potter albus severus
95%
weasley arthur
95%
diggory cedric
95%
dumbledore albus
94%
thomas dean
94%
finnigan seamus
94%
delacour fleur
92%
wood oliver
92%
cadogan sir
92%
riddle/voldermort tom
92%
lestrange bellatrix
91%
malfoy lucius
91%
snape severus
91%
black sirius
91%
krum viktor
91%
dursley dudley
90%
brown lavender
90%
mcgonagall minerva
90%
dursley petunia
90%
lupin remus
90%
potter james
89%
pettigrew peter
89%
dursley vernon
89%
malfoy narcissa
88%
parkinson pansy
88%
creevy colin
87%
gryffindor godric
87%
bell katie
87%
evans lily
87%
patil padma
87%
hagrid rubeus
87%
crabbe vincent
87%
moody alastor
86%
crouch jn | crouch sn barty
86%
abbot hannah
86%
patil parvati
86%
umbridge dolores
85%
hufflepuff helga
85%
tonks nymphadora
85%
slytherin salazar
85%
skeeter rita
84%
ravenclaw rowena
84%
goyle gregory
83%
jordan lee
83%
tonks ted
82%
bryce | longbottom frank
81%
longbottom alice
80%
johnson angelina
80%
lockhart gilderoy
80%
shacklebolt kingsley
80%
bones susan
80%
fudge cornelius
79%
karkaroff igor
79%
black regulus
79%
clearwater penelope
78%
trelawney sybill
78%
bagshot bathilda
77%
ravenclaw helena
77%
slughorn horace
77%
dursley marjorie
77%
flamel nicolas
77%
dumbledore aberforth
76%
diggory amos
76%
filch argus
76%
dumbledore ariana
76%
greyback fenrir
76%
flitwick filius
75%
macmillan ernie
74%
finch fletchly justin
74%
mcllagen cormac
73%
bishop | creevy dennis
72%
pomfrey poppy
72%
belby | flint marcus
70%
shunpike stan
70%
spinnet alicia
69%
bulstrode millicent
69%
delacour gabrielle
68%
gaunt marvolo
68%
de mimsy-porpington nicholas
68%
maxime olympe
68%
bagman ludovic
67%
tonks andromeda
65%
sprout pomona
65%
scrimgeour rufus
64%
lupin teddy
64%
grindlewald gellert
61%
fletcher mundungus
60%
boot terry
60%
carrow alecto
59%
figg arabella
59%
longbottom augusta
59%
quirrel quirinus
59%
benson amy
58%
carrow amycus
58%
bones amelia
57%
burbage charity
57%
smith zacharias
56%
diggle dedalus
55%
edgecomb marietta
55%
dolohov antonin
54%
doge elphias
54%
gaunt merope
54%
corner michael
54%
thicknesse pius
54%
peverell ignotus
52%
cattermole | riddle mary
50%
jorkins bertha
49%
ollivander garrick
49%
cattermole reginald
47%
hooch rolanda
47%
nott theodore
44%
binns cuthbert
43%
polkiss piers
42%
riddle senior thomas
42%
prewett fabian
41%
sinistra aurora
40%
prewitt gideon
40%
peverell cadmus
39%
cresswell dirk
39%
smith hepzibah
39%
grubbly-plank wilhelmina
38%
lestrange rabastan
37%
davies roger
37%
rookwood augustus
36%
vance emmeline
35%
dawlish john
35%
peverell antioch
34%
podmore sturgis
31%
robins demelza
30%
macnair walden
30%
vector septima
28%
twycross wilkie
26%
bode broderick
25%
rowle thorfinn
25%
lestrange rudolphus
24%
marchbanks griselda
22%
prince irma
22%
death eater yaxley
22%
bathsheda (ancient runes teacher) babbling
21%
kettleburn silvanus
19%
derwent dilys
13%
scamander newton
13%
abercrombie euan
12%
death eater avery
11%
snatcher scabior
10%
bletchley miles
8%
dippet armano
5%
coote ritche
5%
ali bashir
4%
lovegood xenophalius
4%
former headmaster of hogwarts everard
3%
baddock malcolm
3%
bagman otto
3%
bertram aubrey
2%
heathcote barbary
1%
belby flavius
1%
bayliss hetty
1%
rackerley steward
1%
No matching quizzes found
Score Distribution
Percent of People with Each Score
Percentile by Number Answered
Your Score History
You have not taken this quiz